000 00618nam a2200181Ia 4500
008 090123s9999 xx 000 0 und d
082 _b19511
100 _aशेवडे इंदुमती
245 _aबाबा नावाचा झंझावात
250 _a1
260 _bआरती प्रकाशन
_c1991
300 _a217
600 _aशेवडे इंदुमती
630 _aबाबा नावाचा झंझावात
700 _aशेवडे इंदुमती
730 _aबाबा नावाचा झंझावात
942 _cBOOK
999 _c57578
_d57578